[Event "Torino Estate Alfieri C"]
[Site "Torino"]
[Date "2011.06.21"]
[Round "7"]
[White "Vittoria, Giuseppe"]
[Black "Speciale, Angelo"]
[Result "1-0"]
[WhiteElo "1542"]
[BlackElo "1443"]
[PlyCount "101"]
[EventDate "2011.05.03"]
[EventType "tourn"]
[EventRounds "7"]
[EventCountry "ITA"]
[SourceTitle "EXT 2024"]
[Source "ChessBase"]
[SourceDate "2023.10.10"]
[SourceVersion "1"]
[SourceVersionDate "2023.10.10"]
[SourceQuality "1"]

1. e4 d5 2. exd5 Qxd5 3. Nc3 Qa5 4. d4 Nf6 5. Bd2 c6 6. Be2 Bf5 7. Bf3 e6 8. Nge2 Be7 9. 0-0 0-0 10. Ng3 Bg6 11. Nd5 Qd8 12. Nxe7+ Qxe7 13. Qe1 Bxc2 14. Bb4 Qd7 15. Bxf8 Kxf8 16. Qc3 Bg6 17. Rfe1 Nd5 18. Bxd5 cxd5 19. Rac1 Nc6 20. b4 a6 21. a4 Rc8 22. b5 Ne7 23. Qb4 Ke8 24. Rxc8+ Nxc8 25. Rc1 Bd3 26. Qc3 Bc4 27. bxa6 bxa6 28. Qb4 g6 29. Nf1 Qd6 30. Qc5 Kd7 31. a5 Qxc5 32. dxc5 Kc6 33. Ne3 Bb5 34. Ng4 Ne7 35. Ne5+ Kc7 36. Nxf7 Nf5 37. Ng5 Nd4 38. Rd1 e5 39. Nxh7 Kc6 40. f3 Kxc5 41. h4 Nb3 42. Nf8 Be8 43. Rb1 Nxa5 44. Rb8 Bf7 45. Rd8 Nc4 46. Rd7 Be8 47. Re7 Bb5 48. Nxg6 Kd6 49. Ra7 a5 50. h5 Be8 51. Ra6+ 1-0